[Event "1st FIDE OWCCCC Pools-East 2021"]
[Site "Online"]
[Date "2021.02.19"]
[Round "3.40"]
[White "Welz, Jakub"]
[Black "Srikant Dronavalli"]
[Result "0-1"]
[WhiteElo "853"]
[BlackElo "1340"]
[Annotator "NA RC"]
[PlyCount "92"]
[EventDate "2021.02.19"]
[EventType "team-tourn"]
[EventCountry "NET"]
[SourceTitle "playchess.com"]
[Source "ChessBase"]
[SourceQuality "1"]

1. e4 c5 2. c3 e6 3. d4 d5 4. e5 cxd4 5. cxd4 Nc6 6. Bb5 a6 7. Ba4 Qa5+ 8. Kf1 b5 9. Nc3 bxa4 10. Nf3 h6 11. h3 a3 12. bxa3 Qxc3 13. Rb1 Bd7 14. Bf4 g5 15. Be3 Bg7 16. Qc1 Qxc1+ 17. Rxc1 Nge7 18. h4 g4 19. Nd2 h5 20. g3 Nf5 21. Rg1 Nxe3+ 22. fxe3 Bh6 23. Re1 Nxd4 24. Rg2 Nc2 25. Ree2 Nxe3+ 26. Kf2 Nxg2 27. Kxg2 Bxd2 28. Rxd2 Rc8 29. Rb2 Ba4 30. Kf2 Rc2+ 31. Rxc2 Bxc2 32. Ke3 O-O 33. Kf4 Bg6 34. Ke3 Rc8 35. Kd4 Rc2 36. a4 Rxa2 37. Kc5 Rxa4 38. Kb6 Ra1 39. Kc5 a5 40. Kb6 a4 41. Kc5 a3 42. Kb6 a2 43. Kc5 Rc1+ 44. Kb6 a1=Q 45. Kb5 Qb2+ 46. Ka4 Ra1# 0-1

[Event "1st FIDE OWCCCC Pools-East 2021"]
[Site "Online"]
[Date "2021.02.19"]
[Round "3.41"]
[White "Rosenberg, Daniel B"]
[Black "Manini, Paolo"]
[Result "1-0"]
[WhiteElo "2200"]
[BlackElo "1727"]
[Annotator "TA"]
[PlyCount "117"]
[EventDate "2021.02.19"]
[EventType "team-tourn"]
[EventCountry "NET"]
[SourceTitle "playchess.com"]
[Source "ChessBase"]
[SourceQuality "1"]

1. e4 c6 2. d4 d5 3. e5 Bf5 4. h4 h6 5. Bd3 Bxd3 6. Qxd3 e6 7. Ne2 Nd7 8. c3 Qb6 9. O-O c5 10. f4 Be7 11. Qg3 g6 12. Nd2 Qd8 13. Nf3 cxd4 14. Nexd4 Bc5 15. Be3 Ne7 16. Rae1 Qb6 17. b4 Bxd4 18. Bxd4 Qa6 19. Qf2 Nf5 20. g4 Nxd4 21. Nxd4 Qc4 22. f5 gxf5 23. gxf5 Rg8+ 24. Kh1 Qxc3 25. fxe6 Qh3+ 26. Qh2 Qxh2+ 27. Kxh2 fxe6 28. Nxe6 Ke7 29. Nc7 Rac8 30. Nxd5+ Ke6 31. Nf4+ Ke7 32. Re2 Rc4 33. Kh3 Rxb4 34. Nd5+ Ke6 35. Nxb4 Rc8 36. Rc2 Rxc2 37. Nxc2 Kxe5 38. Kg4 Nf6+ 39. Kg3 Nh5+ 40. Kf3 Nf6 41. Ne3 h5 42. Ke2 Ke6 43. Kd3 Ke5 44. Rb1 b6 45. Rb5+ Ke6 46. a4 Kd6 47. Rf5 Ke6 48. Rb5 Kd6 49. a5 Kc6 50. Rf5 Nd7 51. Rxh5 Nc5+ 52. Kc4 b5+ 53. Kb4 Nd3+ 54. Kc3 Nc5 55. Rxc5+ Kxc5 56. h5 Kd6 57. h6 Ke7 58. h7 Kf7 59. h8=Q 1-0

[Event "1st FIDE OWCCCC Pools-East 2021"]
[Site "Online"]
[Date "2021.02.19"]
[Round "3.41"]
[White "Franco Gomez, Fernando"]
[Black "Prusty, Pulak"]
[Result "0-1"]
[WhiteElo "1640"]
[BlackElo "1820"]
[Annotator "NA RC"]
[PlyCount "80"]
[EventDate "2021.02.19"]
[EventType "team-tourn"]
[EventCountry "NET"]
[SourceTitle "playchess.com"]
[Source "ChessBase"]
[SourceQuality "1"]

1. e4 c5 2. Nf3 Nc6 3. d4 cxd4 4. Nxd4 e5 5. Nb5 d6 6. N1c3 a6 7. Na3 b5 8. Nd5 Nf6 9. Bg5 Be7 10. Bxf6 Bxf6 11. c3 O-O 12. Nc2 Bb7 13. Nce3 g6 14. Nxf6+ Qxf6 15. Nd5 Qd8 16. Be2 Ne7 17. c4 Nxd5 18. cxd5 f5 19. f3 Qb6 20. Bd3 Rac8 21. Ke2 fxe4 22. Bxe4 Rc4 23. Qd3 Rd4 24. Qe3 b4 25. h4 Qb5+ 26. Kf2 Bxd5 27. Bxd5+ Qxd5 28. h5 Rd2+ 29. Kg3 Rd3 30. Qe2 e4 31. hxg6 Qe5+ 32. Kf2 e3+ 33. Kg1 Rd2 34. gxh7+ Kh8 35. Qe1 Qxb2 36. Rh2 Rxf3 37. Rc1 Rf8 38. Rc7 Qe5 39. Rh3 e2 40. Qxd2 Rf1# 0-1

[Event "1st FIDE OWCCCC Pools-East 2021"]
[Site "Online"]
[Date "2021.02.19"]
[Round "3.41"]
[White "Panse, Frank"]
[Black "Jerome, Rombaut"]
[Result "0-1"]
[WhiteElo "1491"]
[BlackElo "1686"]
[Annotator "NA RC"]
[PlyCount "70"]
[EventDate "2021.02.19"]
[EventType "team-tourn"]
[EventCountry "NET"]
[SourceTitle "playchess.com"]
[Source "ChessBase"]
[SourceQuality "1"]

1. e4 c5 2. c3 Nc6 3. d4 cxd4 4. cxd4 d6 5. Nf3 g6 6. Bc4 Bg7 7. O-O Qb6 8. e5 dxe5 9. dxe5 Nxe5 10. Nxe5 Bxe5 11. Nc3 a6 12. Qf3 Be6 13. Bxe6 Qxe6 14. Qxb7 Qc8 15. Qe4 Bg7 16. Bg5 Nf6 17. Qa4+ Qd7 18. Qxd7+ Nxd7 19. Rad1 Rb8 20. Rfe1 e6 21. Na4 Rb7 22. Rd2 O-O 23. Red1 Ne5 24. Nc5 Rb5 25. Ne4 Nc4 26. Rd7 Nxb2 27. R1d2 Nc4 28. Rd1 Nb6 29. Ra7 Ra5 30. Nf6+ Kh8 31. h4 Rxa2 32. Nd7 Nxd7 33. Rdxd7 h6 34. Be3 Be5 35. Rxf7 Ra1+ 0-1

[Event "1st FIDE OWCCCC Pools-East 2021"]
[Site "Online"]
[Date "2021.02.19"]
[Round "3.41"]
[White "Lakshana Subramanian"]
[Black "Paramjyothi, Padmanabha Reddy"]
[Result "1-0"]
[WhiteElo "1319"]
[BlackElo "1267"]
[Annotator "NA RC"]
[PlyCount "65"]
[EventDate "2021.02.19"]
[EventType "team-tourn"]
[EventCountry "NET"]
[SourceTitle "playchess.com"]
[Source "ChessBase"]
[SourceQuality "1"]

1. d4 d5 2. c4 e6 3. Nc3 Nf6 4. Bg5 Bb4 5. Qc2 Nc6 6. e3 h6 7. Bh4 a5 8. Nf3 Qe7 9. Bd3 Bd7 10. O-O O-O-O 11. cxd5 Qd6 12. e4 exd5 13. e5 Qf8 14. exf6 gxf6 15. Nxd5 Qg7 16. Nxb4 Nxb4 17. Qc3 Bh3 18. Ne1 Rhe8 19. Bb5 Re7 20. Qxh3+ Kb8 21. Qf3 Rd6 22. a3 Nd5 23. Bc4 Nb6 24. Ba2 Qg6 25. Nd3 Rxd4 26. Nc5 c6 27. Bg3+ Kc8 28. Rad1 Rxd1 29. Rxd1 Nd5 30. Bxd5 cxd5 31. Qxd5 Qg8 32. Qd6 Qf8 33. Qb8# 1-0

[Event "1st FIDE OWCCCC Pools-East 2021"]
[Site "Online"]
[Date "2021.02.19"]
[Round "3.42"]
[White "Bossut, Louis"]
[Black "Rocka"]
[Result "1-0"]
[WhiteElo "1719"]
[BlackElo "1691"]
[Annotator "NA RC"]
[PlyCount "95"]
[EventDate "2021.02.19"]
[EventType "team-tourn"]
[EventCountry "NET"]
[SourceTitle "playchess.com"]
[Source "ChessBase"]
[SourceQuality "1"]

1. e4 e5 2. Nf3 Nc6 3. d4 exd4 4. Nxd4 Bc5 5. Be3 Nxd4 6. Bxd4 Bxd4 7. Qxd4 Qf6 8. Qxf6 Nxf6 9. e5 Nd5 10. c4 Nb4 11. Na3 O-O 12. O-O-O Nxa2+ 13. Kb1 Nb4 14. Nb5 c6 15. Nd6 Na6 16. Kc2 Nc7 17. b4 Ne8 18. Bd3 Nxd6 19. exd6 b6 20. Rhe1 a5 21. Ra1 a4 22. Re7 Rd8 23. Kc3 Bb7 24. c5 b5 25. Rae1 a3 26. Kb3 a2 27. Ra1 h6 28. Bf5 Bc8 29. Rxa2 Rxa2 30. Kxa2 g6 31. Bh3 Kg7 32. f4 Kf6 33. Kb3 Kg7 34. Kc3 Kf6 35. Kd4 Kg7 36. Ke5 Kf8 37. Kf6 Kg8 38. Rxf7 Rf8 39. Rxf8+ Kxf8 40. Kxg6 Kg8 41. f5 Kf8 42. f6 h5 43. g4 hxg4 44. Bxg4 Kg8 45. h4 Kf8 46. h5 Kg8 47. h6 Kh8 48. f7 1-0

[Event "1st FIDE OWCCCC Pools-East 2021"]
[Site "Online"]
[Date "2021.02.19"]
[Round "3.42"]
[White "Veronelli, Franco"]
[Black "Benyo, Zoltan"]
[Result "0-1"]
[WhiteElo "1652"]
[BlackElo "1899"]
[Annotator "NA RC"]
[PlyCount "92"]
[EventDate "2021.02.19"]
[EventType "team-tourn"]
[EventCountry "NET"]
[SourceTitle "playchess.com"]
[Source "ChessBase"]
[SourceQuality "1"]

1. e4 c5 2. Nf3 d6 3. Bb5+ Nc6 4. Bxc6+ bxc6 5. O-O g6 6. d3 Bg7 7. Nc3 Nf6 8. e5 Nd5 9. Nxd5 cxd5 10. exd6 Qxd6 11. h3 Rb8 12. Rb1 O-O 13. Re1 e6 14. Qe2 Ba6 15. Qe3 d4 16. Qe4 Bb7 17. Qe2 Rfe8 18. Nd2 Qd5 19. f3 Qxa2 20. Nc4 Qxb1 21. Bf4 Qa2 22. Bxb8 Rxb8 23. Qf1 Qa6 24. Ra1 Qb5 25. Ra5 Qc6 26. Qa1 a6 27. Qa3 Qc7 28. Rxc5 Qf4 29. Qa1 Qg3 30. Qf1 Bd5 31. Qf2 Qxf2+ 32. Kxf2 Bxc4 33. Rxc4 Rxb2 34. Ke2 Rb8 35. Ra4 Ra8 36. g3 a5 37. Kd2 Bf8 38. Rxd4 a4 39. Kc1 a3 40. Kb1 a2+ 41. Ka1 Bg7 42. c3 Bxd4 43. cxd4 Kf8 44. f4 Ke7 45. g4 Kd6 46. h4 Kd5 0-1

[Event "1st FIDE OWCCCC Pools-East 2021"]
[Site "Online"]
[Date "2021.02.19"]
[Round "3.42"]
[White "phantom"]
[Black "Feito Cabrero, Andres"]
[Result "0-1"]
[WhiteElo "1404"]
[BlackElo "1633"]
[Annotator "NA RC"]
[PlyCount "62"]
[EventDate "2021.02.19"]
[EventType "team-tourn"]
[EventCountry "NET"]
[SourceTitle "playchess.com"]
[Source "ChessBase"]
[SourceQuality "1"]

1. e4 e5 2. Nf3 Nc6 3. Nc3 Nf6 4. Bc4 Bc5 5. Ng5 O-O 6. Bxf7+ Rxf7 7. Nxf7 Kxf7 8. O-O d6 9. d3 Bg4 10. Qd2 Nd4 11. Kh1 Bb4 12. a3 Bxc3 13. bxc3 Ne6 14. f3 Bh5 15. Qf2 Kg8 16. g4 Bg6 17. Rg1 Qe7 18. Rg3 Rf8 19. g5 Nh5 20. Rg2 Nhf4 21. Bxf4 Rxf4 22. h4 Qf7 23. Rg3 Bh5 24. Rf1 Nc5 25. Rh3 Ne6 26. c4 Qd7 27. Qxa7 Nd4 28. Qa8+ Kf7 29. Qxb7 Qxh3+ 30. Kg1 Qg3+ 31. Kh1 Rxh4# 0-1

[Event "1st FIDE OWCCCC Pools-East 2021"]
[Site "Online"]
[Date "2021.02.19"]
[Round "3.43"]
[White "Busari, Sangmesh"]
[Black "Mane, Sangram"]
[Result "1-0"]
[WhiteElo "1580"]
[BlackElo "1411"]
[Annotator "NA RC"]
[PlyCount "135"]
[EventDate "2021.02.19"]
[EventType "team-tourn"]
[EventCountry "NET"]
[SourceTitle "playchess.com"]
[Source "ChessBase"]
[SourceQuality "1"]

1. e4 e5 2. Nf3 Nc6 3. Bc4 h6 4. O-O Nf6 5. Nc3 d6 6. d4 Ng4 7. dxe5 Ncxe5 8. Qd5 Qe7 9. Nxe5 Nxe5 10. Bb3 Be6 11. Qb5+ Bd7 12. Qxb7 Qd8 13. f4 Ng6 14. Qd5 Be6 15. Ba4+ Bd7 16. f5 Ne7 17. Bxd7+ Kxd7 18. Qxf7 Kc8 19. Nd5 Nxd5 20. Qxd5 Rb8 21. Be3 Rb6 22. Bxb6 axb6 23. e5 dxe5 24. Qxd8+ Kxd8 25. Rad1+ Kc8 26. Rfe1 Bd6 27. a3 Rf8 28. g4 Re8 29. b4 Kb7 30. c4 Ra8 31. Rd3 Ra4 32. c5 bxc5 33. bxc5 Bxc5+ 34. Kg2 Rxg4+ 35. Kh3 Ra4 36. Rxe5 Bd6 37. Rb5+ Kc8 38. Rdb3 Rf4 39. Rb8+ Kd7 40. R8b5 Rf2 41. Kg4 Rxh2 42. a4 Rg2+ 43. Kh5 Rg5+ 44. Kh4 Rg1 45. a5 Rf1 46. Kg4 Rf4+ 47. Kh5 Ra4 48. Kg6 Rg4+ 49. Kf7 h5 50. Rb1 h4 51. Ra1 h3 52. a6 h2 53. a7 Rg1 54. a8=Q Rxa1 55. Qxa1 c6 56. Rb7+ Bc7 57. Qd4+ Kc8 58. Rb1 Bb8 59. Qe4 Kc7 60. Rc1 Kd8 61. Qxc6 Bc7 62. Rd1+ Kc8 63. Qa8+ Bb8 64. Rh1 g5 65. Rxh2 Kc7 66. Rc2+ Kd7 67. Qc6+ Kd8 68. Rd2+ 1-0

[Event "1st FIDE OWCCCC Pools-East 2021"]
[Site "Online"]
[Date "2021.02.19"]
[Round "3.43"]
[White "Dorado Martin, Juan Jose"]
[Black "Marincas, Monica"]
[Result "1-0"]
[WhiteElo "1573"]
[BlackElo "1120"]
[Annotator "NA RC"]
[PlyCount "51"]
[EventDate "2021.02.19"]
[EventType "team-tourn"]
[EventCountry "NET"]
[SourceTitle "playchess.com"]
[Source "ChessBase"]
[SourceQuality "1"]

1. e4 c5 2. Nf3 d6 3. Nc3 Nf6 4. Bc4 e6 5. O-O a6 6. a4 Be7 7. d3 Nbd7 8. Bf4 Nb6 9. Bb3 O-O 10. e5 Nfd5 11. Nxd5 Nxd5 12. Bxd5 exd5 13. Re1 Bg4 14. h3 Bxf3 15. Qxf3 Qc7 16. Qg3 Rfe8 17. exd6 Bxd6 18. Bxd6 Rxe1+ 19. Rxe1 Qa5 20. Ra1 Re8 21. Qg4 g6 22. c3 Qb6 23. Bf4 Qxb2 24. Rc1 Qa2 25. Bh6 Qxa4 26. Qxa4 1-0

[Event "1st FIDE OWCCCC Pools-East 2021"]
[Site "Online"]
[Date "2021.02.19"]
[Round "3.43"]
[White "Garcia Chica, Eva Maria"]
[Black "Pandey, Nikhil"]
[Result "0-1"]
[WhiteElo "1446"]
[BlackElo "1246"]
[Annotator "NA RC"]
[PlyCount "130"]
[EventDate "2021.02.19"]
[EventType "team-tourn"]
[EventCountry "NET"]
[SourceTitle "playchess.com"]
[Source "ChessBase"]
[SourceQuality "1"]

1. c4 d6 2. Nc3 Nf6 3. g3 g6 4. Bg2 Bg7 5. Nf3 c6 6. O-O Bg4 7. Rb1 Nbd7 8. b3 O-O 9. Bb2 e5 10. d4 e4 11. Nd2 d5 12. h3 Be6 13. Re1 Rb8 14. f3 e3 15. Nf1 dxc4 16. Nxe3 cxb3 17. axb3 c5 18. d5 Bf5 19. Nxf5 gxf5 20. e4 f4 21. gxf4 Nh5 22. f5 Ndf6 23. Qd2 Qb6 24. Ba1 c4+ 25. Qe3 Qxe3+ 26. Rxe3 cxb3 27. Rxb3 Nf4 28. Re1 Nxg2 29. Kxg2 Rfe8 30. Nb5 a6 31. Nd4 Nh5 32. Ne2 Nf6 33. Reb1 Re7 34. Nd4 b5 35. Nc6 Reb7 36. Nxb8 Rxb8 37. Bxf6 Bxf6 38. Rd3 Rd8 39. Kg3 Be5+ 40. Kg4 f6 41. Rbb3 Kf7 42. Ra3 Ra8 43. Rd2 Ke7 44. Rc2 Kd7 45. Raa2 Kd6 46. Kh5 a5 47. Kh6 b4 48. Kxh7 a4 49. Kg6 b3 50. Rxa4 Rxa4 51. Rg2 Ra2 52. Rg1 b2 53. Rb1 Ra1 54. Rxb2 Bxb2 55. h4 Be5 56. h5 Rh1 57. h6 Kc5 58. h7 Kd4 59. Kg7 Ke3 60. h8=Q Rxh8 61. Kxh8 Kxf3 62. Kg7 Kxe4 63. Kf7 Kxd5 64. Kg6 Ke4 65. Kf7 Kxf5 0-1

[Event "1st FIDE OWCCCC Pools-East 2021"]
[Site "Online"]
[Date "2021.02.19"]
[Round "3.43"]
[White "Friedrich, Jan Niklas"]
[Black "Plays, Boris"]
[Result "0-1"]
[WhiteElo "1314"]
[BlackElo "1312"]
[Annotator "NA RC"]
[PlyCount "142"]
[EventDate "2021.02.19"]
[EventType "team-tourn"]
[EventCountry "NET"]
[SourceTitle "playchess.com"]
[Source "ChessBase"]
[SourceQuality "1"]

1. e4 e5 2. Nf3 Nc6 3. Bb5 a6 4. Bxc6 dxc6 5. Nc3 Bg4 6. h3 Bh5 7. d3 h6 8. Be3 Bb4 9. a3 Bxc3+ 10. bxc3 Qe7 11. g4 Bg6 12. O-O h5 13. Bg5 f6 14. Bh4 hxg4 15. hxg4 O-O-O 16. Qd2 Qc5 17. Kg2 Bf7 18. Rh1 Be6 19. g5 fxg5 20. Bxg5 Rxh1 21. Rxh1 Rf8 22. d4 exd4 23. Nxd4 Bd7 24. a4 Nf6 25. f3 Kb8 26. Re1 Rh8 27. e5 Nd5 28. e6 Be8 29. e7 Nxc3 30. Nf5 Qxf5 31. Qd8+ Qc8 32. Qxc8+ Kxc8 33. a5 Nd5 34. c4 Nb4 35. Kg3 Nd3 36. Re3 Nc5 37. f4 Kd7 38. f5 Rh5 39. f6 Rxg5+ 40. Kf4 Rg6 41. fxg7 Rxg7 42. Kf5 Rxe7 43. Rxe7+ Kxe7 44. Kf4 Nb3 45. Ke3 Nxa5 46. Kd3 Nxc4 47. Kc3 Ne3 48. Kd3 Nd5 49. Kd4 Kd6 50. Kd3 Kc5 51. Kc2 Kb4 52. Kb2 a5 53. Ka2 Nc3+ 54. Kb2 Nd1+ 55. Kc1 Kb3 56. Kxd1 Kb2 57. Kd2 a4 58. Kd3 a3 59. Kd4 a2 60. Ke5 a1=Q 61. Ke6 Qd1 62. Ke7 c5 63. Kxe8 c4 64. Ke7 c3 65. Ke6 c2 66. Ke5 c1=Q 67. Kf5 Qcd2 68. Ke5 Q2e2+ 69. Kf4 Qdf1+ 70. Kg3 Qeg2+ 71. Kh4 Qfh1# 0-1

[Event "1st FIDE OWCCCC Pools-East 2021"]
[Site "Online"]
[Date "2021.02.19"]
[Round "3.44"]
[White "Mohammadi, Pari"]
[Black "Anuncibay Alvarez, Alejandro"]
[Result "0-1"]
[WhiteElo "1705"]
[BlackElo "1400"]
[Annotator "NA RC"]
[PlyCount "88"]
[EventDate "2021.02.19"]
[EventType "team-tourn"]
[EventCountry "NET"]
[SourceTitle "playchess.com"]
[Source "ChessBase"]
[SourceQuality "1"]

1. e4 e5 2. Nf3 d6 3. Bc4 Bg4 4. Nc3 Nc6 5. h3 Bh5 6. d3 h6 7. Nd5 Nd4 8. g4 Bg6 9. Be3 c6 10. Nc3 Nxf3+ 11. Qxf3 Nf6 12. h4 d5 13. exd5 cxd5 14. Nxd5 e4 15. dxe4 Bxe4 16. Qf5 Bxf5 17. gxf5 Nxd5 18. O-O-O Qa5 19. Bxd5 Rd8 20. Bxb7 Rxd1+ 21. Rxd1 Be7 22. Bc6+ Kf8 23. f6 Bxf6 24. Rd5 Qxa2 25. Bc5+ Kg8 26. Rd7 Qxb2+ 27. Kd2 Qc3+ 28. Kd1 Qxc5 29. Rd5 Qxc6 30. Rd2 Qh1+ 31. Ke2 Qxh4 32. c4 Kh7 33. c5 Re8+ 34. Kd1 Qh1+ 35. Kc2 Qe4+ 36. Kc1 Bg5 37. Kd1 Qe1+ 38. Kc2 Qxd2+ 39. Kb3 Rb8+ 40. Kc4 Qc2+ 41. Kd5 Rd8+ 42. Kc6 Qa4+ 43. Kb7 Qd7+ 44. Ka6 Qc6+ 0-1

[Event "1st FIDE OWCCCC Pools-East 2021"]
[Site "Online"]
[Date "2021.02.19"]
[Round "3.44"]
[White "Figueredo Graterol, Andrea P."]
[Black "Benyo, Tamas"]
[Result "0-1"]
[WhiteElo "1495"]
[BlackElo "2059"]
[Annotator "TA"]
[PlyCount "78"]
[EventDate "2021.02.19"]
[EventType "team-tourn"]
[EventCountry "NET"]
[SourceTitle "playchess.com"]
[Source "ChessBase"]
[SourceQuality "1"]

1. e4 d6 2. Nf3 Nd7 3. Nc3 e5 4. Bb5 c6 5. Bc4 Be7 6. d4 Ngf6 7. dxe5 dxe5 8. Ng5 O-O 9. a3 h6 10. Nf3 b5 11. Bd3 Qc7 12. Ng5 hxg5 13. Bxg5 Nc5 14. Bxf6 Nxd3+ 15. Qxd3 Bxf6 16. O-O a5 17. Rad1 b4 18. axb4 axb4 19. Ne2 Ba6 20. Qf3 Rfd8 21. Ng3 Bxf1 22. Rxf1 Qd6 23. Rd1 Qxd1+ 24. Qxd1 Rxd1+ 25. Nf1 Raa1 26. g3 g5 27. Kg2 Rxf1 28. h3 Be7 29. Kf3 Bc5 30. Kg4 Rxf2 31. Kxg5 Kg7 32. h4 f6+ 33. Kg4 Kg6 34. h5+ Kh6 35. b3 Rg1 36. Kh4 Rf4+ 37. gxf4 exf4 38. Kh3 f3 39. c4 bxc3 0-1

[Event "1st FIDE OWCCCC Pools-East 2021"]
[Site "Online"]
[Date "2021.02.19"]
[Round "3.44"]
[White "Jitri, Shirisha"]
[Black "Kalasthri, Harishankar"]
[Result "0-1"]
[WhiteElo "846"]
[BlackElo "1363"]
[Annotator "NA RC"]
[PlyCount "62"]
[EventDate "2021.02.19"]
[EventType "team-tourn"]
[EventCountry "NET"]
[SourceTitle "playchess.com"]
[Source "ChessBase"]
[SourceQuality "1"]

1. d4 e6 2. e4 d5 3. Nc3 dxe4 4. Nxe4 Nf6 5. f3 Nxe4 6. fxe4 Nc6 7. Nf3 a6 8. Bf4 h6 9. Bc4 g5 10. Be3 Bg7 11. O-O b5 12. Bb3 Bb7 13. Qe2 Nxd4 14. Nxd4 Bxd4 15. Bxd4 Qxd4+ 16. Qf2 Qxf2+ 17. Kxf2 Bxe4 18. Ke3 Bf5 19. g4 Bxg4 20. Rg1 Bf5 21. Rad1 Rd8 22. Rde1 Ke7 23. c4 bxc4 24. Bxc4 Rd6 25. Bxa6 Rxa6 26. Rd1 Rxa2 27. b3 Rb8 28. h3 Rxb3+ 29. Kd4 Ra4+ 30. Ke5 Rb5+ 31. Rd5 Rxd5# 0-1

[Event "1st FIDE OWCCCC Pools-East 2021"]
[Site "Online"]
[Date "2021.02.19"]
[Round "3.44"]
[White "Lefebvre, Ambre"]
[Black "Meyer, Katja"]
[Result "0-1"]
[WhiteElo "699"]
[BlackElo "572"]
[Annotator "NA RC"]
[PlyCount "64"]
[EventDate "2021.02.19"]
[EventType "team-tourn"]
[EventCountry "NET"]
[SourceTitle "playchess.com"]
[Source "ChessBase"]
[SourceQuality "1"]

1. e4 d5 2. d4 Nf6 3. Bb5+ Bd7 4. a4 Nc6 5. Nf3 Bg4 6. O-O h5 7. exd5 Nxd5 8. c4 Nf4 9. Bxf4 Qd7 10. a5 a6 11. Ra3 b6 12. d5 axb5 13. cxb5 bxa5 14. bxc6 Qxd5 15. Qxd5 g6 16. Be5 Rg8 17. Bxc7 Ra7 18. Bb8 Rb7 19. Rb3 Rxb3 20. Qxb3 e5 21. Nxe5 Bd6 22. Qe3 Bxb8 23. f3 Bd7 24. cxd7+ Ke7 25. Nc6+ Kd6 26. Qe4 Kxd7 27. Rd1+ Bd6 28. Rxd6+ Kxd6 29. Qd4+ Kc7 30. Qa7+ Kd6 31. Nd2 Re8 32. Nc4+ Ke6 0-1

[Event "1st FIDE OWCCCC Pools-East 2021"]
[Site "Online"]
[Date "2021.02.19"]
[Round "3.45"]
[White "Baranov, Oleksii"]
[Black "Negi, Alpana"]
[Result "1-0"]
[WhiteElo "1816"]
[BlackElo "1143"]
[Annotator "NA RC"]
[PlyCount "57"]
[EventDate "2021.02.19"]
[EventType "team-tourn"]
[EventCountry "NET"]
[SourceTitle "playchess.com"]
[Source "ChessBase"]
[SourceQuality "1"]

1. e4 e5 2. d4 f6 3. Bc4 Ne7 4. dxe5 fxe5 5. Qf3 d6 6. Bf7+ Kd7 7. Qh3+ Kc6 8. Qc3+ Kd7 9. Bg5 h6 10. Bh4 g5 11. Bg3 Rh7 12. Qb3 Bg7 13. Nc3 Bf6 14. Qe6+ Kc6 15. Qxf6 Qd7 16. O-O-O Ng8 17. Bxg8 Rg7 18. Bc4 b5 19. Bd5+ Kb6 20. Bxe5 c6 21. Bd4+ Ka6 22. Qxg7 Qxg7 23. Bxg7 cxd5 24. Rxd5 Be6 25. Rxd6+ Ka5 26. Rxe6 Nd7 27. Nd5 Rg8 28. b4+ Ka4 29. Ra6# 1-0

[Event "1st FIDE OWCCCC Pools-East 2021"]
[Site "Online"]
[Date "2021.02.19"]
[Round "3.45"]
[White "Dracka, Alexander"]
[Black "Gupta, Shruti"]
[Result "1-0"]
[WhiteElo "1598"]
[BlackElo "732"]
[Annotator "NA RC"]
[PlyCount "51"]
[EventDate "2021.02.19"]
[EventType "team-tourn"]
[EventCountry "NET"]
[SourceTitle "playchess.com"]
[Source "ChessBase"]
[SourceQuality "1"]

1. Nf3 Nc6 2. c4 Nf6 3. Nc3 d5 4. cxd5 Nxd5 5. g3 Nxc3 6. bxc3 Bg4 7. Bg2 e6 8. O-O f5 9. Qb3 Qe7 10. Qxb7 Rd8 11. Qxc6+ Qd7 12. Qxd7+ Rxd7 13. Ne5 Rd8 14. Bc6+ Ke7 15. Ba3+ Kf6 16. Nxg4+ Kf7 17. Ne5+ Kg8 18. Bxf8 Rxf8 19. Bd7 f4 20. Bxe6+ Rf7 21. Bxf7+ Kf8 22. Bh5 g6 23. Bxg6 hxg6 24. Nxg6+ Kg7 25. Nxh8 Kxh8 26. gxf4 1-0

[Event "1st FIDE OWCCCC Pools-East 2021"]
[Site "Online"]
[Date "2021.02.19"]
[Round "3.45"]
[White "Biswaranjan, Rath"]
[Black "trijeetxK"]
[Result "1-0"]
[WhiteElo "1511"]
[BlackElo "1301"]
[Annotator "NA RC"]
[PlyCount "87"]
[EventDate "2021.02.19"]
[EventType "team-tourn"]
[EventCountry "NET"]
[SourceTitle "playchess.com"]
[Source "ChessBase"]
[SourceQuality "1"]

1. e4 e5 2. Nf3 Nc6 3. Bb5 Nf6 4. Bxc6 dxc6 5. d3 Bd6 6. O-O Bg4 7. Nbd2 Qe7 8. a3 a5 9. h3 Bh5 10. c4 O-O-O 11. b4 axb4 12. axb4 Bxb4 13. Qa4 Bc5 14. Ba3 Bxa3 15. Qxa3 Rhe8 16. g4 Bg6 17. c5 Kd7 18. Nc4 Rc8 19. Qb4 Rb8 20. Ncxe5+ Kc8 21. Rfb1 Nd7 22. Nxd7 Qxd7 23. Rb3 Kd8 24. Qc3 f6 25. Rb4 Ke7 26. Rd4 Qe6 27. Kg2 Kf8 28. Rf1 Red8 29. Rxd8+ Rxd8 30. Qb4 Rb8 31. Ra1 Qc8 32. Ra7 Kg8 33. Nh4 Bf7 34. f4 h5 35. f5 hxg4 36. hxg4 g5 37. Qd4 gxh4 38. Qxf6 b5 39. cxb6 Rxb6 40. Qxh4 Rb2+ 41. Kg3 Qb8 42. Ra3 Qb4 43. Ra8+ Kg7 44. Qh8# 1-0

[Event "1st FIDE OWCCCC Pools-East 2021"]
[Site "Online"]
[Date "2021.02.19"]
[Round "3.45"]
[White "mwadhwa"]
[Black "Vandenbussche, Thibaut"]
[Result "0-1"]
[WhiteElo "1190"]
[BlackElo "2432"]
[Annotator "TA"]
[PlyCount "64"]
[EventDate "2021.02.19"]
[EventType "team-tourn"]
[EventCountry "NET"]
[SourceTitle "playchess.com"]
[Source "ChessBase"]
[SourceQuality "1"]

1. d4 Nf6 2. Nf3 c5 3. dxc5 e6 4. e3 Bxc5 5. Bd3 d5 6. c3 Nc6 7. b4 Bd6 8. c4 Bxb4+ 9. Bd2 O-O 10. cxd5 Qxd5 11. Bxb4 Nxb4 12. Bc2 Bd7 13. Nc3 Qc5 14. Qd2 Rac8 15. a3 Nxc2+ 16. Qxc2 Qxc3+ 17. Qxc3 Rxc3 18. O-O Rfc8 19. Ne5 R8c5 20. Nf3 Bc6 21. h3 Bxf3 22. gxf3 Ra5 23. Rfd1 g6 24. a4 Rc4 25. Rd4 Rxd4 26. exd4 b5 27. Kg2 bxa4 28. Kg3 a3 29. Kf4 Nd5+ 30. Kg5 a2 31. Kh6 Nc3 32. h4 Rh5# 0-1

[Event "1st FIDE OWCCCC Pools-East 2021"]
[Site "Online"]
[Date "2021.02.19"]
[Round "3.46"]
[White "Upadhyayula, Sameer Kumar"]
[Black "Zihlin, Oleh"]
[Result "1-0"]
[WhiteElo "1607"]
[BlackElo "1672"]
[Annotator "NA RC"]
[PlyCount "61"]
[EventDate "2021.02.19"]
[EventType "team-tourn"]
[EventCountry "NET"]
[SourceTitle "playchess.com"]
[Source "ChessBase"]
[SourceQuality "1"]

1. Nf3 Nf6 2. g3 d5 3. Bg2 Nc6 4. d4 Bf5 5. a3 e6 6. O-O Be7 7. b3 O-O 8. Bb2 Ne4 9. Nbd2 Nxd2 10. Nxd2 Bf6 11. e3 Ne7 12. c4 Rc8 13. Re1 c5 14. e4 dxe4 15. Nxe4 Bxe4 16. Bxe4 b6 17. Rb1 Nc6 18. dxc5 Bxb2 19. Rxb2 bxc5 20. Qxd8 Rfxd8 21. Bf3 Nd4 22. Bg2 Rb8 23. b4 Rdc8 24. b5 Re8 25. a4 e5 26. a5 f6 27. b6 axb6 28. axb6 Kf8 29. b7 Re7 30. Ra1 Kf7 31. Ra8 1-0